Capitals Spelling Bee - Statistics

General Stats
  • This quiz has been taken 60 times
  • The average score is 37 of 94
Answer Stats
Hint Answer % Correct
WASHINGTON (1/10) W
100%
WASHINGTON (2/10) A
96%
WASHINGTON (4/10) H
96%
WASHINGTON (3/10) S
96%
WASHINGTON (5/10) I
89%
WASHINGTON (6/10) N
89%
WASHINGTON (7/10) G
82%
WASHINGTON (10/10) N
79%
WASHINGTON (9/10) O
79%
WASHINGTON (8/10) T
79%
AMSTERDAM (1/9) A
64%
AMSTERDAM (7/9) D
64%
AMSTERDAM (5/9) E
64%
AMSTERDAM (2/9) M
64%
AMSTERDAM (6/9) R
64%
AMSTERDAM (3/9) S
64%
AMSTERDAM (4/9) T
64%
AMSTERDAM (8/9) A
61%
COPENHAGEN (1/10) C
61%
COPENHAGEN (4/10) E
61%
AMSTERDAM (9/9) M
61%
COPENHAGEN (5/10) N
61%
COPENHAGEN (2/10) O
61%
COPENHAGEN (3/10) P
61%
COPENHAGEN (7/10) A
57%
COPENHAGEN (6/10) H
57%
COPENHAGEN (9/10) E
54%
COPENHAGEN (8/10) G
54%
COPENHAGEN (10/10) N
54%
WELLINGTON (2/10) E
46%
WELLINGTON (5/10) I
46%
WELLINGTON (3/10) L
46%
WELLINGTON (4/10) L
46%
WELLINGTON (6/10) N
46%
WELLINGTON (1/10) W
46%
JERUSALEM (6/9) A
43%
JERUSALEM (2/9) E
43%
JERUSALEM (8/9) E
43%
WELLINGTON (7/10) G
43%
JERUSALEM (1/9) J
43%
JERUSALEM (7/9) L
43%
JERUSALEM (9/9) M
43%
WELLINGTON (10/10) N
43%
WELLINGTON (9/10) O
43%
JERUSALEM (3/9) R
43%
JERUSALEM (5/9) S
43%
WELLINGTON (8/10) T
43%
JERUSALEM (4/9) U
43%
BRATISLAVA (3/10) A
39%
BRATISLAVA (1/10) B
39%
BRATISLAVA (2/10) R
39%
BRATISLAVA (5/10) I
36%
BRATISLAVA (6/10) S
36%
BRATISLAVA (4/10) T
36%
BRATISLAVA (8/10) A
32%
BRATISLAVA (10/10) A
32%
BRATISLAVA (7/10) L
32%
BRATISLAVA (9/10) V
32%
VIENTIANE (3/9) E
29%
VIENTIANE (2/9) I
29%
VIENTIANE (6/9) I
29%
VIENTIANE (4/9) N
29%
VIENTIANE (5/9) T
29%
VIENTIANE (1/9) V
29%
VIENTIANE (7/9) A
25%
VIENTIANE (8/9) N
25%
VIENTIANE (9/9) E
18%
PHNOM PENH (1/9) P
18%
PHNOM PENH (2/9) H
14%
PHNOM PENH (5/9) M
14%
PHNOM PENH (3/9) N
14%
PHNOM PENH (4/9) O
14%
KATHMANDU (2/9) A
11%
PHNOM PENH (7/9) E
11%
PHNOM PENH (9/9) H
11%
KATHMANDU (4/9) H
11%
KATHMANDU (1/9) K
11%
PHNOM PENH (8/9) N
11%
PHNOM PENH (6/9) P
11%
KATHMANDU (3/9) T
11%
KATHMANDU (6/9) A
7%
REYKJAVIK (6/9) A
7%
KATHMANDU (8/9) D
7%
REYKJAVIK (2/9) E
7%
REYKJAVIK (8/9) I
7%
REYKJAVIK (5/9) J
7%
REYKJAVIK (4/9) K
7%
REYKJAVIK (9/9) K
7%
KATHMANDU (5/9) M
7%
KATHMANDU (7/9) N
7%
REYKJAVIK (1/9) R
7%
KATHMANDU (9/9) U
7%
REYKJAVIK (7/9) V
7%
REYKJAVIK (3/9) Y
7%
No matching quizzes found
Score Distribution
Percent of People with Each Score
Percentile by Number Answered
Your Score History
You have not taken this quiz